|
|
|
|
| LEADER |
00972aam a22003018a 4500 |
| 001 |
00032562 |
| 005 |
20171026081023.0 |
| 008 |
141009s2014 ||||||viesd |
| 020 |
# |
# |
|a 9786045015384
|
| 041 |
0 |
# |
|a vie
|
| 082 |
1 |
4 |
|a 394.269 597 91
|b M458S
|
| 100 |
1 |
# |
|a Nguyễn, Hữu Hiệp
|
| 245 |
1 |
0 |
|a Một số lễ hội truyền thống tiêu biểu đặc sắc ở An Giang
|c Nguyễn Hữu Hiệp
|
| 260 |
# |
# |
|a Hà Nội
|b Văn hóa Thông tin
|c 2014
|
| 300 |
# |
# |
|a 259 tr.
|c 21 cm
|
| 500 |
# |
# |
|a ĐTTS ghi: Hội Văn nghệ dân gian Việt Nam
|
| 653 |
# |
# |
|a An Giang
|
| 653 |
# |
# |
|a Văn hóa dân gian
|
| 653 |
# |
# |
|a Việt Nam
|
| 653 |
# |
# |
|a Lễ hội truyền thống
|
| 852 |
# |
# |
|j KD.0016163
|
| 852 |
# |
# |
|b Kho đọc
|j KD.0016163
|
| 910 |
|
|
|d 9/10/2014
|
| 980 |
# |
# |
|a Trung tâm Học liệu Lê Vũ Hùng, Trường Đại học Đồng Tháp
|